Analýza investičného prostredia v Brazílii

Cieľom článku je preskúmať aktuálne investičné prostredie v Brazílii a identifikovať jeho hlavné silné a slabé stránky. Hlavnými silnými stránkami brazílskeho investičného prostredia sú veľkosť spotrebiteľského trhu, hojnosť prírodných zdrojov, diverzifikovaná štruktúra ekonomiky, inštitucionálna po...

Ausführliche Beschreibung

Gespeichert in:
Bibliographische Detailangaben
1. Verfasser: Jančovič, Peter, 1995-
Weitere Verfasser: Augustín, Michael, 1991-
Format: Buchkapitel
Sprache:Slowakisch
Schlagworte:
Tags: Tag hinzufügen
Keine Tags, Fügen Sie das erste Tag hinzu!

MARC

LEADER 00000naa a2200000 4500
001 0300169
005 20240502074539.3
041 0 |a slo 
044 |a SK 
245 1 0 |a Analýza investičného prostredia v Brazílii  |c Peter Jančovič, Michael Augustín 
520 |a Cieľom článku je preskúmať aktuálne investičné prostredie v Brazílii a identifikovať jeho hlavné silné a slabé stránky. Hlavnými silnými stránkami brazílskeho investičného prostredia sú veľkosť spotrebiteľského trhu, hojnosť prírodných zdrojov, diverzifikovaná štruktúra ekonomiky, inštitucionálna podpora investičnej činnosti a mnohé ďalšie. 
610 2 0 |a Brazília 
610 2 0 |a investície 
610 2 0 |a podnikanie 
610 2 0 |a investície zahraničné 
100 1 |a Jančovič, Peter, 1995- 
700 1 |a Augustín, Michael, 1991-